| 000 | 00647nam a2200229Ia 4500 | ||
|---|---|---|---|
| 999 |
_c41180 _d41180 |
||
| 001 | 7831 | ||
| 003 | GE_BSU | ||
| 005 | 20220927105609.0 | ||
| 008 | 181216s2011en xx |||||||||||||| ||eng|| | ||
| 020 | _a9780071756433 | ||
| 040 | _cGE_BSU | ||
| 041 | _aeng | ||
| 080 | _a621.3 M-21 | ||
| 100 |
_aMalley, O'John _914832 |
||
| 245 |
_aBasic Circuit Analysis / _cO'John, Malley |
||
| 264 |
_aNew York : _bMc Graw-Hill, _c2011. |
||
| 300 |
_a419 p.: _c27 cm. |
||
| 653 | _aBasic Circuit Analysis | ||
| 653 | _aძირითადი მიკროსქემის ანალიზი | ||
| 653 | _aტექნიკა | ||
| 942 |
_cBK _2udc |
||